| 000 | 00833nam a22002417a 4500 | ||
|---|---|---|---|
| 003 | DO-SdBNP | ||
| 005 | 20211112093617.0 | ||
| 007 | ta | ||
| 008 | 211112b2021 dr ||||| |||| 00| 0 eng d | ||
| 020 | _a9789945618419 | ||
| 040 |
_aDO-SdBNP _bspa _cBNPHU |
||
| 082 | 4 | _222 | |
| 100 | 1 |
_aMaldonado, Melchor _980604 |
|
| 245 | 1 | 0 |
_a¡ Ven ! : _bcarismas en la iglesia para todos / _cMelchor Maldonado ; prólogo Ramón B. de la Rosa y Carpio |
| 260 |
_aSanto Domingo : _bAmigo del hogar, _c2021. |
||
| 300 |
_a 163 p. ; _c22 cm. |
||
| 500 | _aIncluye referencias bibliográficas y notas al pie de las páginas | ||
| 500 | _aIncluye datos biográficos del autor en la contracubierta | ||
| 590 | _aInventariado, /BT | ||
| 700 | 1 |
_aRosa y Carpio, Ramón B. de la, _epról. _qmonseñor _980605 |
|
| 910 | _aBtavárez | ||
| 942 |
_2ddc _cLBS1 |
||
| 999 |
_c50944 _d50944 |
||